Najwiecej earningsow fortnite (Polacy) - Statystyki

Ogólne statystyki
  • Ten quiz został rozwiązany 328 razy
  • Średni wynik to 8 z 15
Statystyki odpowiedzi
Hint Odpowiedź % Poprawnych
1 (681K $) Kami
100%
2 (620K $) Setty
100%
3 (468K $) Teeq
82%
7 (78K $) Kubx
79%
4 (130K $) Artor
73%
5 (103K $) Rakso
59%
14 (44K $) Mikson
56%
15 (41K $) Pkr
51%
12 (51K $) Packo
48%
13 (46K $) Keffy
42%
8 (73K $) Jarkos
33%
6 (81K $) Luki
28%
11 (52K $) Evil
22%
9 (59K $) Taiovsky
13%
10 (58K $) Hoopek
12%
Nie znaleziono quizów pasujących do podanych kryteriów
Rozkład punktacji
Procent ludzi z każdym wynikiem
Percentyl według liczby udzielonych odpowiedzi
Twoja historia wyników
Nie rozwiązałeś tego quizu